| 000 | 00844 am a2200265 a 4500 | ||
|---|---|---|---|
| 001 | 200429690 | ||
| 003 | TR-AnTOB | ||
| 005 | 20260126084413.0 | ||
| 007 | ta | ||
| 008 | 070903s2005 TU a 00000 tur D | ||
| 040 |
_aTR-AnTOB _beng _cTR-AnTOB _erda |
||
| 041 | 0 | _atur | |
| 050 | 0 | 0 |
_aKKX1710 _b.C69 1999 |
| 090 |
_aKKX1710 _b.C69 1999 |
||
| 111 | 2 |
_aEge-Koop'tan Panel _n(24. : _d2005 : _cİzmir) _9152076 |
|
| 245 | 1 | 0 | _aYeni TCK ve CMUK ışığında kapkaç kabusu ve güvenlik (adi suçlar, siyasi suçlar, çıkar amaçlı suçlar) sempozyumu. |
| 264 | 1 |
_aİzmir : _bEge-Koop, _c2005. |
|
| 300 |
_a101 s. : _bres. ; _c19 cm. |
||
| 336 |
_2rdacontent _atext |
||
| 337 |
_2rdamedia _aunmediated |
||
| 338 |
_2rdacarrier _avolume |
||
| 650 | 7 |
_aMedeni usul _zTürkiye _2etuturkob _9115852 |
|
| 942 |
_2lcc _cBK |
||
| 999 |
_c200429690 _d47614 |
||